000 00946 a2200205 4500
010 _aENG-90137
020 _a818412015X
_c275.00
035 _aEN-73670
037 _bDBAD / PUB
082 1 4 _a658.8
090 _c12507
_d12507
100 1 _aSarangi, S.K.
245 1 _aMarketing management :
_cby S.K. Sarangi
_b(a comprehensive marketing management textbook of BBA, BBS. PGDM, MBA & M-PHIL programmes of Indian universities and B.School, The book is useful for marketing managers and corporate leaders)/
260 _aNew Delhi
_bAsian Books
_c2006
270 _a7/28, Mahavir Lane, Vardan House, Ansari Road, Darya Ganj
_bNew Delhi
_e110002
_k011-23287577, 011-23282098
_masian@asianbooksindia.com
300 _axxi, 590p.
_c24 cm. (Pbk)
500 _aIncludes bibliographical references & index.
942 _adpl
_cEN
_k658.8 / SAR
999 _c12147
_d12147